00831nam a2200193 u 450000500170000000800410001702000180005804000270007604100080010304400070011108200170011824501050013526000290024030000880026965000620035765000780041965000780049771000620057520160504142511.0160504t2015 ck ad r|||| 00| 0 spa d a9789588902630 aCO-BoIAVH cCO-BoIAVH 0 aspa ack04a304.25bV99c00aVulnerabilidad al cambio climático :bAnálisis local para el empoderamiento y toma de decisiones aColombia :bPNUD,c2015. a28 páginas :bilustraciones a color y gráficas a color ;c22 x 22 centímetros14aCambio climáticoxVulnerabilidadxComunididades rurales24aCambio climáticovestadísticasxVulnerabilidadxComunididades rurales26aAdaptación al cambio climáticoxVulnerabilidadxComunididades rurales2 aPrograma de las Naciones Unidas para el Desarrollo (PNUD)